000 01950nam a2200313Ia 4500
005 20250329173539.0
008 201020s9999 xx 000 0 und d
020 _a9789502913100
040 _aCO-CtgCURN
_bspa
_ccoctgcurn
082 _a361.3
_bB364a
100 _aBazzalo, María Alejandra
_eautor
245 0 _aTrabajo social, lecturas teóricas y perspectivas
_baportes desde la intervención para pensar las instituciones
_h[electronic resource] /
_cMaría Alejandra Bazzalo ... [et.al.] ; compilado por Ana J. Arias ; Bárbara García Godoy ; Romina Manes
260 _aArgentina :
_bUniversidad de Buenos Aires,
_c2011
300 _arecurso en línea (83 páginas) :
336 _atexto
_btxt
337 _acomputador
_bc
338 _arecurso en línea
_bcr
504 _aIncluye referencias bibliográficas
505 _aDe Re significación de lo político en la práctica profesional -- La Intervención del Trabajo Social en poblaciones singulares, en una institución hospitalaria; reconfigurando lo público -- El sujeto inesperado en la institución judicial penal juvenil: Los nuevos rostros juveniles y sus representaciones sobre la justicia -- Trabajo Social e instituciones de encierro. Abordajes sociales, abordajes simbólicos, abordajes institucionales -- El territorio y las organizaciones sociales. Diálogos con las mutaciones de sus contextos -- Abordaje institucional de las familias. Desafíos en la modernidad tardía
590 _aPrograma de Trabajo Social_26
650 _aEnseñanza Superior
650 _aTrabajo social
700 _aArias, Ana
_ecompiladora
700 _aGarcía Godoy, Bárbara
_ecompiladora
700 _aManes, Romina
_ecompiladora
856 _uhttps://unicurn.sharepoint.com/:b:/s/biblioteca/EYarYHUx8GpKmIgA7fSaPhwBew6I53g9W4qJtiESYaN0nA?e=kcap23
_zVea este libro electrónico
942 _cCF
_h361.3
_iB364a
999 _c7906
_d7906